000 00565nam a2200241Ia 4500
003 OSt
005 20220912150334.0
006 a|||||r|||| 00| 0
007 ta
008 220909b |||||||| |||| 00| 0 eng d
024 _a62797
037 _cTextual
040 _aCSL
_beng
_cCSL
041 _aeng
082 _aB316, L5;4
100 _aMunkres James R
245 0 _aTopology: A first course
260 _c1975
300 _axvi,413p
650 _aTopology
942 _hB316, L5;4
_cTEXL
_2CC
999 _c45211
_d45211